000 00711nam a2200205 i 4500
001 102220
003 ES-MaACL
005 20231227062631.0
007 t|
008 051107s1950 sp ||||1| spa d
100 1 _aMenéndez Pidal, Ramón,
_d1869-1968
_980315
245 1 3 _aEl Imperio Hispánico y los cinco reinos
_b: dos épocas en la estructura política de España /
_cRamón Menéndez Pidal.
260 _aMadrid :
_bInstituto de Estudios Políticos,
_c1950.
300 _a227 p. ;
_c19 cm.
490 1 _aColección civitas
710 2 _aInstituto de Estudios Políticos (Madrid)
_94924
830 0 _aColección civitas
_9181171
852 _aES-MaACL
_jB-8163
_bR.29449
999 _c102220
_d102220